01789nam a22002537a 45000010005000000030006000050050017000110080041000280200018000690400029000870500015001160820010001311000016001412450044001572600042002013000043002435050008002865201106002945210029014005210020014296500026014496500024014757000036014995301FISKH20241125115136.0241125b cb ||||| |||| 00| 0 eng d a9780062282712 aFISKHbengcFISKHdFISKH aHQ1421.G39 a814.6 aGay, Roxane aBad Feminist :bEssays /cby Roxane Gay aNew York :bHarper Pernnial ;c2014 . a320 pages : billustrations ;c21 cm . aU  aA collection of essays spanning politics, criticism, and feminism from one of the most-watched young cultural observers of her generation, Roxane Gay. "Pink is my favorite color. I used to say my favorite color was black to be cool, but it is pink, all shades of pink. If I have an accessory, it is probably pink. I read Vogue, and I'm not doing it ironically, though it might seem that way. I once live-tweeted the September issue." In these funny and insightful essays, Roxane Gay takes us through the journey of her evolution as a woman (Sweet Valley High) of color (The Help) while also taking readers on a ride through culture of the last few years (Girls, Django in Chains) and commenting on the state of feminism today (abortion, Chris Brown). The portrait that emerges is not only one of an incredibly insightful woman continually growing to understand herself and our society, but also one of our culture. Bad Feminist is a sharp, funny, and spot-on look at the ways in which the culture we consume becomes who we are, and an inspiring call-to-arms of all the ways we still need to do better.8 a850 bLexile estimate 8 aU bRaz-Plus  afeminismvNon-fiction aessaysvNon-fiction aArtozqui, Santiagoetranslator